Investigaciones lógicas

Gespeichert in:
Bibliographische Detailangaben
1. Verfasser: Husserl, Edmund (VerfasserIn)
Format: Buch
Sprache:Spanisch
Veröffentlicht: Madrid Revista de Occidente 1929
Schlagworte:
Tags: Tag hinzufügen
Keine Tags, Fügen Sie den ersten Tag hinzu!

MARC

LEADER 00000nam a2200000 a 4500
001 UCY4540
003 CL-VaPUC
008 950316e19290000SP |||||||||||||||||spa|d
082 0 4 |a 142.7  |b HUS  |2 21 
100 |a Husserl, Edmund   |e author  |9 197 
245 1 0 |a Investigaciones lógicas 
300 |a v 
942 |c BK 
945 |d 19950316 00:00:00  |a aalvarez 
260 |a Madrid  |b Revista de Occidente  |c 1929 
650 0 |a Lógica  |9 256849 
650 0 |a Teoría del conocimiento   |9 255038 
650 0 |a Fenomenología  |9 256519 
583 |a last modification  |c 19950316 00:00:00  |k Rodrigo Vera 
999 |c 232372  |d 232370 
952 |0 0  |1 0  |4 0  |6 142_700000000000000_HUS_1929  |7 0  |8 A  |9 236576  |a BIBEDU  |b BIBEDU  |d 2019-11-15  |h v.3  |i 3066630  |o 142.7 HUS 1929  |p 3066630  |r 2022-08-18  |w 2019-11-15  |y BK  |k FIL